Statistiken für Länderflaggen mit Waffen

Klicken Sie hier um das Quiz zu spielen!

Allgemein

  • Dieses Quiz wurde 110 mal gespielt
  • Das Durchschnittsergebnis liegt bei 9 aus 13

Antwortstatistiken

Antwort% Korrekt
Angola
94%
Kenia
94%
Saudi Arabien
94%
Ecuador
83%
Barbados
82%
Mosambik
69%
Belize
67%
Malta
56%
Haiti
55%
Dominikanische Republik
54%
Eswatini
54%
Guatemala
40%
Oman
40%

Verteilung der Resultate

Perzentil nach korrekt beantworteten Fragen

Anzahl Personen mit jedem Resultat

Ihre Resultats-Entwicklung

Sie haben dieses Quiz noch nicht gespielt